5 Longest Capital Names by Continent - Statistics

General Stats
  • This quiz has been taken 73 times
  • The average score is 22 of 32
Answer Stats
Continent Country Letters Capital % Correct
South America Argentina 11 Buenos Aires
90%
North America United States 12 Washington D.C.
86%
South America Uruguay 10 Montevideo
86%
Oceania New Zealand 10 Wellington
86%
South America Chile 8 Santiago
84%
South America Paraguay 8 Asunción
83%
South America Guyana 10 Georgetown
83%
Europe Andorra 14 Andorra la Vella
81%
South America Suriname 10 Paramaribo
81%
South America Brazil 8 Brasília
79%
Asia Sri Lanka 23 Sri Jayawardenepura Kotte
78%
Africa Madagascar 12 Antananarivo
76%
North America Guatemala 13 Guatemala City
74%
Asia Brunei 17 Bandar Seri Begawan
71%
North America Haiti 12 Port-au-Prince
71%
Oceania Papua New Guinea 11 Port Moresby
71%
Europe Luxembourg 10 Luxembourg
69%
North America Dominican Republic 12 Santo Domingo
69%
Europe Vatican City 11 Vatican City
69%
Asia Malaysia 11 Kuala Lumpur
67%
Europe Slovakia 10 Bratislava
66%
Europe Denmark 10 Copenhagen
66%
Africa Burkina Faso 11 Ouagadougou
66%
Asia Mongolia 11 Ulaanbaatar
60%
Africa South Africa 12 Bloemfontein
55%
Oceania Tonga 9 Nukuʻalofa
55%
Oceania Kiribati 11 South Tarawa
55%
Africa Republic of the Congo 11 Brazzaville
53%
Oceania Palau 9 Ngerulmud
52%
Africa Ivory Coast 12 Yamoussoukro
52%
Asia Kuwait 10 Kuwait City
43%
North America Grenada 12 Saint George's
41%
No matching quizzes found
Score Distribution
Percent of People with Each Score
Percentile by Number Answered
Your Score History
You have not taken this quiz